00413nam a2200157Ia 4500003000400000008004100004040001600045082001600061100001600077245004700093700001800140260004200158300001000200650003000210650001500240GCL140319s9999 xx 000 0 eng d aGCL / cGCL04a791,45bC T1 aCORNEY,JOHN10aTELEVISION TIMES: A READER / cCORNEY,JOHN1 aHARVEY,SYLVIA a[S.N] : bARNOLD PUBLISHERS ، c1996 a268 P04aTELEVISION - BROADCASTING04aTELEVISION